[Event "IMSA Masters Rapid Women"]
[Site "Hengshui CHN"]
[Date "2019.05.16"]
[Round "8.7"]
[White "Ushenina, Anna"]
[Black "Khotenashvili, Bela"]
[Result "1/2-1/2"]
[WhiteTitle "GM"]
[BlackTitle "GM"]
[WhiteElo "2442"]
[BlackElo "2476"]
[WhiteFideId "14110911"]
[BlackFideId "13602640"]
[EventDate "2019.05.14"]

1. d4 Nf6 2. Nf3 g6 3. Nbd2 d5 4. b4 Bg7 5. e3 a5 6. b5 a4 7. Ba3 Bf5 8. Be2 O-O
9. O-O Ne4 10. Nxe4 Bxe4 11. Nd2 Bf5 12. Bd3 Bxd3 13. cxd3 Qd7 14. Nb1 Qxb5 15.
Bxe7 Re8 16. Ba3 Qd7 17. Nc3 Nc6 18. Rb1 Nd8 19. Qc2 f5 20. g3 h5 21. Ne2 g5 22.
Rfc1 c6 23. Qd1 Ne6 24. Nc3 Qf7 25. Bd6 f4 26. gxf4 gxf4 27. Qf3 Ng5 28. Qg2 Qg6
29. Kh1 Qxd6 30. Qxg5 Re7 31. Rg1 fxe3 32. fxe3 Rf8 33. Nxa4 Rf2 34. Qxh5 Qf6
35. Nc5 b5 36. Rg6 Rf1+ 37. Rxf1 Qxf1+ 38. Rg1 Qf2 39. Qg4 Qxe3 40. Nd7 Qe6 41.
Ne5 Qxg4 42. Rxg4 Re6 43. Kg2 Kf8 44. Rg5 Bxe5 45. dxe5 c5 46. Kf3 c4 47. dxc4
dxc4 48. Ke3 Ra6 49. Rg2 c3 50. Kd3 b4 51. Kc4 Rb6 52. Kb3 Rb8 53. h4 Kf7 54. h5
Ke6 55. Re2 Rh8 56. Kxb4 Rxh5 57. Kxc3 Rxe5 58. Rh2 Kd6 59. Kb4 Kc6 60. a4 Kb6
61. Rh6+ Kb7 62. Rd6 Rh5 63. Kc4 Rh4+ 64. Kb5 Rh5+ 65. Kb4 Rh4+ 66. Kb5 Rh5+ 1/2-1/2

[Event "IMSA Masters Rapid Women"]
[Site "Hengshui CHN"]
[Date "2019.05.16"]
[Round "9.2"]
[White "Muzychuk, Mariya"]
[Black "Zhao, Xue"]
[Result "1-0"]
[WhiteTitle "GM"]
[BlackTitle "GM"]
[WhiteElo "2563"]
[BlackElo "2485"]
[WhiteFideId "14114550"]
[BlackFideId "8601283"]
[EventDate "2019.05.14"]

1. e4 Nf6 2. e5 Nd5 3. d4 d6 4. Nf3 c6 5. c4 Nb6 6. exd6 exd6 7. Bd3 Be7 8. h3
d5 9. c5 N6d7 10. O-O b6 11. cxb6 axb6 12. Re1 O-O 13. Nc3 Nf6 14. Ne5 c5 15.
Bg5 Bb7 16. Bc2 Nbd7 17. Qd3 c4 18. Qf3 Ra5 19. Re3 Nxe5 20. Rxe5 Bc8 21. Rae1
Be6 22. Bf5 Nd7 23. Bxe7 Qxe7 24. R5e3 Qh4 25. Rxe6 fxe6 26. Bxe6+ Kh8 27. Bxd7
Raa8 28. Qe3 Qf6 29. Re2 Rad8 30. Bg4 h6 31. Bf3 Qf7 32. Qe6 Qf4 33. Qe5 Qc1+
34. Kh2 Rde8 35. Qxe8 Rxe8 36. Rxe8+ Kh7 37. Nxd5 Qxb2 38. Be4+ g6 39. Re7+ Kg8
40. Nf4 1-0

[Event "IMSA Masters Rapid Women"]
[Site "Hengshui CHN"]
[Date "2019.05.16"]
[Round "9.3"]
[White "Tan, Zhongyi"]
[Black "Gunina, Valentina"]
[Result "1-0"]
[WhiteTitle "GM"]
[BlackTitle "GM"]
[WhiteElo "2513"]
[BlackElo "2506"]
[WhiteFideId "8603642"]
[BlackFideId "4167570"]
[EventDate "2019.05.14"]

1. c4 Nf6 2. Nc3 c5 3. Nf3 e6 4. e4 Nc6 5. Be2 g6 6. d4 cxd4 7. Nxd4 Bg7 8. Nxc6
dxc6 9. Qxd8+ Kxd8 10. e5 Nd7 11. f4 f6 12. exf6 Bxf6 13. Bd2 Kc7 14. O-O-O b6
15. Ne4 Bg7 16. Be1 Bh6 17. Bg3 e5 18. Ng5 Re8 19. h4 Nf6 20. Rhf1 Ng4 21. fxe5
Kb7 22. Rf7+ Ka6 23. c5+ b5 24. Rd4 1-0

[Event "IMSA Masters Rapid Women"]
[Site "Hengshui CHN"]
[Date "2019.05.16"]
[Round "9.4"]
[White "Abdumalik, Zhansaya"]
[Black "Lei, Tingjie"]
[Result "1-0"]
[WhiteTitle "IM"]
[BlackTitle "GM"]
[WhiteElo "2464"]
[BlackElo "2507"]
[WhiteFideId "13703544"]
[BlackFideId "8605114"]
[EventDate "2019.05.14"]

1. e4 e5 2. Nf3 Nc6 3. Bb5 a6 4. Ba4 g6 5. O-O Bg7 6. c3 d6 7. d4 Bd7 8. Re1
Nge7 9. dxe5 Nxe5 10. Nxe5 Bxe5 11. Nd2 Bxa4 12. Qxa4+ b5 13. Qb3 O-O 14. Nf1
Qd7 15. Bh6 Rfe8 16. h3 a5 17. a3 Rab8 18. Ne3 Qe6 19. Qc2 b4 20. axb4 axb4 21.
c4 b3 22. Qd2 Bh8 23. Nd5 Nxd5 24. exd5 Qf6 25. Rxe8+ Rxe8 26. Qe3 Rc8 27. Ra3
Qxb2 28. Rxb3 Qa1+ 29. Kh2 Be5+ 30. g3 Qf1 31. Rb4 Ra8 32. Qa7 Rd8 33. Rb8 Bf6
34. Rxd8+ Bxd8 35. Qd4 f6 36. Qe3 Be7 37. Qe6+ Kh8 38. Qc8+ 1-0

[Event "IMSA Masters Rapid Women"]
[Site "Hengshui CHN"]
[Date "2019.05.16"]
[Round "9.5"]
[White "Paehtz, Elisabeth"]
[Black "Dzagnidze, Nana"]
[Result "1-0"]
[WhiteTitle "IM"]
[BlackTitle "GM"]
[WhiteElo "2470"]
[BlackElo "2510"]
[WhiteFideId "4641833"]
[BlackFideId "13601903"]
[EventDate "2019.05.14"]

1. e4 c6 2. d4 d5 3. exd5 cxd5 4. Nf3 Nc6 5. c3 g6 6. Be2 Bg7 7. O-O Nf6 8. Bf4
O-O 9. h3 Ne4 10. Nbd2 Nd6 11. Re1 a6 12. Bf1 b5 13. a4 b4 14. Ne5 Bb7 15. Nb3
bxc3 16. bxc3 Nxe5 17. dxe5 Nc4 18. Nd4 e6 19. Rb1 Rb8 20. Qg4 Qd7 21. h4 h5 22.
Qh3 Bc6 23. Bd3 Nb2 24. Bxa6 Nxa4 25. Bf1 Rfc8 26. Rbc1 Qa7 27. g4 hxg4 28. Qxg4
Be8 29. Be3 Qd7 30. h5 gxh5 31. Qg3 Kf8 32. Bg5 Qc7 33. Qf4 Rb6 34. Re3 Nc5 35.
Bh6 Bxh6 36. Qxh6+ Ke7 37. c4 Ne4 38. c5 Qxe5 39. Rxe4 dxe4 40. cxb6 Rxc1 41.
Qxc1 Qxd4 42. b7 Qe5 43. Qc8 e3 44. b8=Q exf2+ 45. Kxf2 Qd4+ 46. Ke2 Qe4+ 47.
Kd2 Qd4+ 48. Bd3 Qf2+ 49. Kc3 Qe1+ 50. Kb2 Qf2+ 51. Bc2 Qd4+ 52. Qc3 1-0

[Event "IMSA Masters Rapid Women"]
[Site "Hengshui CHN"]
[Date "2019.05.16"]
[Round "9.7"]
[White "Koneru, Humpy"]
[Black "Ushenina, Anna"]
[Result "1/2-1/2"]
[WhiteTitle "GM"]
[BlackTitle "GM"]
[WhiteElo "2553"]
[BlackElo "2442"]
[WhiteFideId "5008123"]
[BlackFideId "14110911"]
[EventDate "2019.05.14"]

1. d4 Nf6 2. Nf3 d5 3. c4 e6 4. e3 a6 5. b3 c5 6. Bb2 Nc6 7. Nbd2 cxd4 8. exd4
g6 9. Bd3 Bg7 10. O-O O-O 11. Rc1 dxc4 12. bxc4 b5 13. cxb5 Nb4 14. Bc4 axb5 15.
Bxb5 Nxa2 16. Ra1 Ba6 17. Bxa6 Rxa6 18. Nc4 Nd5 19. Ba3 Nac3 20. Qc2 Re8 21. Bb2
Rxa1 22. Rxa1 Qc7 23. Nce5 Rc8 24. h3 Qb7 25. Bxc3 Rxc3 26. Qa2 Bf8 27. Qa7 Rc7
28. Qxb7 Rxb7 29. g3 f6 30. Nc4 Kf7 31. Kg2 Rc7 32. Ncd2 Be7 33. h4 h5 34. Ra2
Nb4 35. Rb2 Rd7 36. Ne4 Nc6 37. Rd2 Rd5 38. Nc3 Rd8 39. d5 exd5 40. Rxd5 Rxd5
41. Nxd5 Bc5 42. Nd2 Bd4 43. Nb3 Bb2 44. f3 Ke6 45. Nf4+ Kf7 46. Nd3 Bc3 47. Kf2
Bd4+ 48. Nxd4 Nxd4 1/2-1/2

[Event "IMSA Masters Rapid Women"]
[Site "Hengshui CHN"]
[Date "2019.05.16"]
[Round "9.8"]
[White "Stefanova, Antoaneta"]
[Black "Khotenashvili, Bela"]
[Result "1/2-1/2"]
[WhiteTitle "GM"]
[BlackTitle "GM"]
[WhiteElo "2470"]
[BlackElo "2476"]
[WhiteFideId "2902257"]
[BlackFideId "13602640"]
[EventDate "2019.05.14"]

1. d4 Nf6 2. Nc3 d5 3. Bf4 a6 4. e3 e6 5. g4 c5 6. g5 Nfd7 7. Nf3 Nc6 8. Bg2 Be7
9. h4 h6 10. Qd2 hxg5 11. hxg5 Rxh1+ 12. Bxh1 Nf8 13. dxc5 Bxc5 14. O-O-O Ng6
15. Bg3 Bd7 16. Ne2 Bb4 17. Qd3 Be7 18. Kb1 Qa5 19. a3 Rd8 20. Bg2 b5 21. Ned4
b4 22. Nxc6 Bxc6 23. axb4 Bxb4 24. Nd4 Bb5 25. Nxb5 axb5 26. c3 Be7 27. Bf1 b4
28. Qb5+ Qxb5 29. Bxb5+ Kf8 30. cxb4 Bxb4 31. Bc7 Ra8 32. Bd3 Ne7 33. Rh1 Kg8
34. e4 dxe4 35. Bxe4 Nd5 36. Be5 Rd8 37. Rh7 Bf8 38. Rh3 Bd6 39. Bxd6 Rxd6 40.
Rd3 Kf8 41. Bxd5 exd5 42. b4 Rb6 43. Rb3 Ke7 44. Kc2 Ke6 45. Kc3 Kf5 46. b5 Ke4
47. Rb4+ Ke5 48. f4+ Kd6 49. Kd4 Rb8 50. b6 Kc6 51. b7 Rxb7 52. Rxb7 Kxb7 53.
Kxd5 Kc7 54. g6 Kd7 55. f5 Ke7 56. Ke5 fxg6 57. fxg6 Kd7 58. Kd5 Ke7 59. Ke5 Kd7 1/2-1/2

[Event "IMSA Masters Rapid Women"]
[Site "Hengshui CHN"]
[Date "2019.05.16"]
[Round "10.4"]
[White "Gunina, Valentina"]
[Black "Paehtz, Elisabeth"]
[Result "1/2-1/2"]
[WhiteTitle "GM"]
[BlackTitle "IM"]
[WhiteElo "2506"]
[BlackElo "2470"]
[WhiteFideId "4167570"]
[BlackFideId "4641833"]
[EventDate "2019.05.14"]

1. e4 c5 2. Nf3 d6 3. d4 Nf6 4. Nc3 cxd4 5. Nxd4 a6 6. h3 Nc6 7. Be3 e5 8. Nf3
Be6 9. Ng5 Rc8 10. Nxe6 fxe6 11. Be2 Be7 12. Bg4 Qd7 13. O-O O-O 14. Nd5 Nxg4
15. Qxg4 Bd8 16. Nb6 Bxb6 17. Bxb6 Nd4 18. c3 Rf4 19. Qd1 Qc6 20. Bxd4 exd4 21.
Qxd4 Rxe4 22. Qd2 Rf8 23. Rad1 d5 24. f3 Qc5+ 25. Kh1 Re3 26. Qf2 Rc8 27. Rd4
Re5 28. Qd2 Rf8 29. Rc1 b5 30. a4 a5 31. b4 Qb6 32. f4 Ref5 33. bxa5 Qxa5 34.
axb5 Qxb5 35. Re1 R5f6 36. Kh2 h6 37. h4 Qb8 38. g3 Qb5 39. Kh3 Rc8 40. g4 Qa5
41. Re3 Qa1 42. g5 Qf1+ 43. Kh2 Rxf4 44. Rxf4 Qxf4+ 45. Kg2 hxg5 46. Qe1 gxh4
47. Rxe6 Rf8 48. Re3 Qg4+ 49. Kh2 Qf4+ 50. Kg2 Rf5 51. Kh3 Rg5 52. Re8+ Kh7 53.
Qxh4+ Qxh4+ 54. Kxh4 Rf5 55. Kg4 Kg6 56. Rd8 Re5 57. Rd6+ Kf7 58. Kf4 Rh5 59.
Kg4 g6 60. c4 dxc4 61. Rc6 Rh1 62. Rxc4 Rg1+ 63. Kf3 Kf6 64. Kf2 Ra1 65. Kg3 Kg5
66. Rc5+ Kh6 67. Rc4 g5 68. Kg2 Kh5 69. Rb4 Rd1 70. Ra4 Rd3 71. Rb4 Kg6 72. Rb6+
Kf5 73. Rb5+ Kf4 74. Rb4+ Ke5 75. Ra4 Rd4 76. Rxd4 Kxd4 77. Kg3 Kd3 78. Kg4 Kd4
79. Kxg5 1/2-1/2

[Event "IMSA Masters Rapid Women"]
[Site "Hengshui CHN"]
[Date "2019.05.16"]
[Round "10.5"]
[White "Zhao, Xue"]
[Black "Stefanova, Antoaneta"]
[Result "0-1"]
[WhiteTitle "GM"]
[BlackTitle "GM"]
[WhiteElo "2485"]
[BlackElo "2470"]
[WhiteFideId "8601283"]
[BlackFideId "2902257"]
[EventDate "2019.05.14"]

1. c4 e6 2. Nf3 d5 3. e3 c6 4. b3 Be7 5. Bb2 Bf6 6. d4 Ne7 7. Nbd2 g6 8. e4 Bg7
9. e5 Nd7 10. cxd5 exd5 11. h4 h5 12. Ng5 Nf8 13. Qf3 Bf5 14. Qe3 Ne6 15. Be2
Nxg5 16. hxg5 Be6 17. O-O-O a5 18. a3 Nf5 19. Qf4 Qb6 20. Kb1 O-O-O 21. Ka2 Rhg8
22. Nb1 Bf8 23. Nc3 Qa7 24. Qd2 Kb8 25. Na4 c5 26. dxc5 Bxc5 27. Nxc5 Qxc5 28.
Bd3 a4 29. Rc1 axb3+ 30. Ka1 Qb6 31. Bc3 d4 32. Bb4 Rc8 33. Kb2 Bd5 34. Ba5 Qe6
35. Qb4 Bxg2 36. Bb6 Bxh1 37. Rxh1 Rc6 38. Ba5 Qxe5 39. Re1 Qc5 40. Qxc5 Rxc5
41. Bb4 Rc6 42. Kxb3 Rgc8 43. Ka4 Re6 44. Rd1 Ne7 45. Bb5 Nc6 46. Bd2 Ka7 47.
Kb3 Re5 48. a4 Rf5 49. f4 Rd5 50. Re1 Rd7 51. Re4 h4 52. Bf1 Re7 0-1

[Event "IMSA Masters Rapid Women"]
[Site "Hengshui CHN"]
[Date "2019.05.16"]
[Round "10.6"]
[White "Ushenina, Anna"]
[Black "Dzagnidze, Nana"]
[Result "0-1"]
[WhiteTitle "GM"]
[BlackTitle "GM"]
[WhiteElo "2442"]
[BlackElo "2510"]
[WhiteFideId "14110911"]
[BlackFideId "13601903"]
[EventDate "2019.05.14"]

1. d4 Nf6 2. Nf3 e6 3. c4 d5 4. Nc3 c6 5. Qd3 b6 6. g3 Be7 7. Bg2 O-O 8. O-O Bb7
9. Rd1 Nbd7 10. Bf4 a5 11. e4 Ba6 12. b3 b5 13. e5 bxc4 14. Qc2 Ne8 15. h4 Nc7
16. Bg5 h6 17. Bxe7 Qxe7 18. g4 c5 19. g5 h5 20. g6 fxg6 21. Qxg6 Qf7 22. Qg5
cxd4 23. Rxd4 Nb5 24. Nxb5 Bxb5 25. Kh1 Rac8 26. Rg1 c3 27. Qe3 Qf5 28. Rc1 c2
29. Rd2 Bf1 30. Bxf1 Qxf3+ 31. Qxf3 Rxf3 32. Kg2 Rfc3 33. f4 Kf7 34. Bd3 Nc5 35.
Rdxc2 Rxd3 36. Rxc5 Rd2+ 37. Kf3 Rxc5 38. Rxc5 Rxa2 39. f5 exf5 40. Kf4 Rf2+ 41.
Kg5 Ke6 42. Rxa5 Kxe5 43. Kxh5 Rg2 44. b4 f4 45. b5 f3 46. Ra7 Kf6 47. Ra8 Kf7
48. Ra4 Kg8 49. b6 Kh7 50. Rg4 f2 51. Rxg2 f1=Q 52. Rg5 Qf3+ 53. Rg4 Qf5+ 0-1

[Event "IMSA Masters Rapid Women"]
[Site "Hengshui CHN"]
[Date "2019.05.16"]
[Round "10.7"]
[White "Khotenashvili, Bela"]
[Black "Lei, Tingjie"]
[Result "1/2-1/2"]
[WhiteTitle "GM"]
[BlackTitle "GM"]
[WhiteElo "2476"]
[BlackElo "2507"]
[WhiteFideId "13602640"]
[BlackFideId "8605114"]
[EventDate "2019.05.14"]

1. Nf3 d5 2. g3 g6 3. Bg2 Bg7 4. d4 Nf6 5. c3 O-O 6. O-O b6 7. a4 a5 8. Nbd2 Bb7
9. Ne5 Nbd7 10. Nxd7 Nxd7 11. e4 dxe4 12. Nxe4 Rb8 13. Bg5 h6 14. Be3 e5 15. Qb3
Kh7 16. Rad1 Qc8 17. dxe5 Nxe5 18. Bd4 Qf5 19. Bxe5 Bxe5 20. Rfe1 Bg7 21. Qc4
Qc8 22. Nd2 Ba6 23. Qf4 g5 24. Qf3 f5 25. Nb3 Bb7 26. Qd3 Bxg2 27. Kxg2 c5 28.
Qd7 Qxd7 29. Rxd7 Rfd8 30. Rc7 Re8 31. Rxe8 Rxe8 32. Kf1 Re4 33. Rb7 Rxa4 34.
Rxb6 Ra2 35. Nxc5 a4 36. Rb7 Kg6 37. Ne6 Bh8 38. Rb6 a3 39. bxa3 Rxa3 40. c4 Kf7
41. Nd8+ Ke7 42. Rxh6 Bf6 43. Nc6+ Kf7 44. Rh7+ Bg7 45. Ne5+ Kg8 46. Rh5 Bxe5
47. Rxg5+ Kf7 48. Rxf5+ Ke6 49. Rf8 Rc3 50. Re8+ Kf5 51. Rf8+ Ke6 52. Rc8 Bd4
53. Re8+ Kf5 54. Rf8+ Ke5 55. Kg2 Rxc4 56. h4 Rc6 57. h5 Bc5 58. f4+ Ke6 59.
Re8+ Kf7 60. Re4 Be7 61. Kf3 Bf6 62. Ra4 Rc5 63. g4 Kg7 64. Ke4 Bh4 65. Rd4 Ra5
66. Rc4 Rb5 67. Rc7+ Kh6 68. Rc6+ Kg7 69. g5 Bxg5 70. Rg6+ Kh7 71. Rxg5 Rb4+ 72.
Kf5 Kh6 73. Rg8 Rb5+ 74. Kg4 Rb1 75. Rg6+ Kh7 76. f5 Rg1+ 77. Kf4 Rf1+ 78. Kg5
Rg1+ 79. Kf6 Ra1 80. Rg7+ Kh6 81. Rd7 Ra6+ 82. Ke7 Kg5 83. f6 Rxf6 84. Rd5+ Rf5
85. h6 Rxd5 86. h7 Re5+ 87. Kf7 Rf5+ 88. Kg7 Ra5 89. h8=Q Ra7+ 90. Kg8 Ra8+ 91.
Kg7 Rxh8 1/2-1/2

[Event "IMSA Masters Rapid Women"]
[Site "Hengshui CHN"]
[Date "2019.05.16"]
[Round "10.8"]
[White "Harika, Dronavalli"]
[Black "Koneru, Humpy"]
[Result "1/2-1/2"]
[WhiteTitle "GM"]
[BlackTitle "GM"]
[WhiteElo "2492"]
[BlackElo "2553"]
[WhiteFideId "5015197"]
[BlackFideId "5008123"]
[EventDate "2019.05.14"]

1. e4 e5 2. Nf3 Nf6 3. Nxe5 d6 4. Nf3 Nxe4 5. d3 Nf6 6. d4 d5 7. Bd3 Bd6 8. Qe2+
Qe7 9. Qxe7+ Kxe7 10. O-O Re8 11. Re1+ Kf8 12. Rxe8+ Kxe8 13. Nc3 c6 14. Bg5
Nbd7 15. Re1+ Kf8 16. Ne5 h6 17. Bf4 Be7 18. h3 Nxe5 19. dxe5 Nd7 20. g4 Nc5 21.
Bf1 Ne6 22. Ne2 Nxf4 23. Nxf4 g5 24. Nh5 Be6 25. Bd3 d4 26. f4 gxf4 27. Nxf4 Bg5
28. Nxe6+ fxe6 29. Rf1+ Ke7 30. Kg2 Rf8 31. Rxf8 Kxf8 32. Kf3 c5 33. a4 b6 34.
Ke4 Ke7 35. Bc4 Bh4 36. b3 Bg3 37. Ba6 Kf7 38. Bc4 Ke7 39. Ba6 Kd7 40. Bc4 Ke7
41. Ba6 Kd7 42. Bc4 Ke7 43. Ba6 Kd7 1/2-1/2

[Event "IMSA Masters Rapid Women"]
[Site "Hengshui CHN"]
[Date "2019.05.16"]
[Round "11.6"]
[White "Harika, Dronavalli"]
[Black "Zhao, Xue"]
[Result "1/2-1/2"]
[WhiteTitle "GM"]
[BlackTitle "GM"]
[WhiteElo "2492"]
[BlackElo "2485"]
[WhiteFideId "5015197"]
[BlackFideId "8601283"]
[EventDate "2019.05.14"]

1. e4 Nf6 2. e5 Nd5 3. d4 d6 4. Nf3 c6 5. Be2 Bf5 6. O-O dxe5 7. Nxe5 Nd7 8. Bd3
Bxd3 9. Nxd3 g6 10. Nd2 Bg7 11. Nf3 O-O 12. c3 a5 13. Re1 a4 14. a3 b5 15. Bf4
Nxf4 16. Nxf4 Nb6 17. Qe2 Qd6 18. g3 e6 19. Rad1 Rfd8 20. h4 h6 21. Nd2 Qc7 22.
Nd3 Nd7 23. Ne4 e5 24. dxe5 Nxe5 25. Nxe5 Qxe5 26. Qf3 Rd5 27. Ng5 Rxd1 28. Qxd1
Qc7 29. Nf3 Rd8 30. Qe2 Qd7 31. Qe4 Qd6 32. Kg2 Bf6 33. Re2 Qd5 34. Qxd5 Rxd5
35. Re8+ Kg7 36. Rc8 Rd6 37. g4 g5 38. h5 Re6 39. Kf1 Re4 40. Rxc6 Rxg4 41. Rc5
Rf4 42. Ke2 g4 43. Nd4 Bxd4 44. cxd4 Rxd4 45. Rxb5 Kf6 46. Ke3 Rc4 47. Ra5 Rc2
48. Rb5 Rc4 49. Ra5 Rc2 50. Rb5 Ke6 51. Kf4 Rxf2+ 52. Kxg4 Rg2+ 53. Kf4 Kf6 54.
Rb6+ Kg7 55. Rb4 Kf6 56. Rb6+ Kg7 57. Rb4 Kf6 58. Rb6+ Kg7 59. Rb4 Rh2 60. Kg4
Kf6 61. Rf4+ Kg7 62. Rb4 Kf6 63. Rb6+ Kg7 64. Rb4 Kf6 65. Rb6+ Kg7 1/2-1/2

[Event "IMSA Masters Rapid Women"]
[Site "Hengshui CHN"]
[Date "2019.05.16"]
[Round "11.7"]
[White "Dzagnidze, Nana"]
[Black "Khotenashvili, Bela"]
[Result "1/2-1/2"]
[WhiteTitle "GM"]
[BlackTitle "GM"]
[WhiteElo "2510"]
[BlackElo "2476"]
[WhiteFideId "13601903"]
[BlackFideId "13602640"]
[EventDate "2019.05.14"]

1. Nf3 g6 2. c4 c5 3. Nc3 Bg7 4. g3 Nc6 5. Bg2 e5 6. d3 Nge7 7. O-O d6 8. a3 O-O
9. Rb1 a5 10. Bd2 h6 11. Ne1 Be6 12. Nc2 d5 13. cxd5 Nxd5 14. Ne3 Nde7 15. Na4
b6 16. b4 cxb4 17. axb4 Rb8 18. bxa5 bxa5 19. Nc5 Qd6 20. Nxe6 Qxe6 21. Rxb8
Rxb8 22. Nc4 h5 23. Nxa5 Nxa5 24. Bxa5 Rb2 25. Bc3 Ra2 26. Qb1 Rxe2 27. Bf3 Ra2
28. Re1 Ra3 29. Qb2 Rb3 30. Qa1 Nc6 31. Bg2 Qd6 32. Be4 Nd4 33. Bxd4 Qxd4 34.
Qxd4 exd4 35. Kf1 Bf8 36. Rd1 Kg7 37. Ke2 Rb5 38. h3 g5 39. g4 hxg4 40. hxg4 Bd6
41. Rc1 f6 42. Kf3 Kf7 43. Ra1 Be5 44. Ra7+ Ke6 45. Bf5+ Kd6 46. Ra6+ Kc5 47.
Be4 Rb1 48. Rc6+ Kb5 49. Rc2 Re1 50. Bd5 Kb6 51. Be4 Kb5 52. Bc6+ Kb6 53. Be4
Kb5 1/2-1/2